Nghiên cứu chiết tách và xác định thành phần hóa học trong rễ cau chìm

Xác định các chỉ số vật lý của nguyên liệu như độ ẩm, hàm lượng tro, hàm lượng kim loại. Khảo sát các điều kiện chiết: thời gian, tỉ lệ dung môi, tỉ lệ rắn- lỏng. Xác định thành phần hóa học có trong rễ cau chìm

Na minha lista:
Detalhes bibliográficos
Autor principal: Nguyễn Thị Diệu Ni
Outros Autores: Phan Thảo Thơ (Hướng dẫn)
Formato: Livro
Publicado em: Đà Nẵng Đại học Sư phạm, Đại học Đà Nẵng 2012
Assuntos:
Tags: Adicionar Tag
Sem tags, seja o primeiro a adicionar uma tag!
Thư viện lưu trữ: Mạng thư viện Đại học Đà Nẵng
LEADER 01856nam a2200337 4500
001 000017569
003 13988
005 20130510100520.0
008 130425s2012 sd
082 |a 664.8046  |b NG-N 
100 1 |a Nguyễn Thị Diệu Ni 
245 |a Nghiên cứu chiết tách và xác định thành phần hóa học trong rễ cau chìm  |c Nguyễn Thị Diệu Ni ; Phan Thảo Thơ hướng dẫn  |k Khóa luận tốt nghiệp 
260 |a Đà Nẵng  |b Đại học Sư phạm, Đại học Đà Nẵng  |c 2012 
300 |a 42 tr.  |b Hình mh.  |c 29 cm.  |e Đĩa CD, bản tóm tắt 
500 |a Khóa luận tốt nghiệp đại học. Chuyên ngành: Cử nhân Hóa Dược 
504 |a Mục lục đầu trang, tài liệu tham khảo tr. 73 - 74, phụ lục [13 tr.] 
520 |a Xác định các chỉ số vật lý của nguyên liệu như độ ẩm, hàm lượng tro, hàm lượng kim loại. Khảo sát các điều kiện chiết: thời gian, tỉ lệ dung môi, tỉ lệ rắn- lỏng. Xác định thành phần hóa học có trong rễ cau chìm 
600 1 4 |b Vua  |c Đinh Tiên Hoàng 
650 0 4 |a Rế cau chim  |v Khóa luận tốt nghiệp  |x Nghiên cứu, chiết tách  |x Thành phần hóa học  |z Huế 
653 |a Khoa Hóa học  |a Thàn phần hóa học  |a Rễ cau chìm 
700 |a Phan Thảo Thơ  |e Hướng dẫn 
OWN |a LSP 
AVA |a UDN50  |b LSP  |d 664.8046 NG-N  |e available  |t Error 5001 Not defined in file expand_doc_bib_avail.  |f 1  |g 0  |h N  |i 0  |k 1 
999 |a From the UDN01 
AVA |a UDN50  |b LSP  |d 664.8046 NG-N  |e available  |t Error 5001 Not defined in file expand_doc_bib_avail.  |f 1  |g 0  |h N  |i 0  |k 1 
TYP |a Monograph 
TYP |a Printed language 
980 |a Mạng thư viện Đại học Đà Nẵng